| 000 | 00602nam a22001937a 4500 | ||
|---|---|---|---|
| 005 | 20140306144234.0 | ||
| 010 | _aENG-108657 | ||
| 020 |
_a81876542120 _c375.00 |
||
| 035 | _aEN-92190 | ||
| 037 | _bDBAD/PUB | ||
| 082 | _a920 | ||
| 245 |
_aLife, times and achievements of Banda Singh Bahadur / _cedited by Harbans Kaur Sagoo |
||
| 260 |
_aDelhi _bManpreet Prakashan _c2012 |
||
| 270 |
_a16/16, Ist Floor, Geeta Colony _bDelhi _e110031 |
||
| 300 |
_a206p. _c22cm(Hb) |
||
| 500 | _aIncludes bibliographical references | ||
| 700 | _aSagoo, Harbans Kaur | ||
| 942 |
_2ddc _cEN _mBAN _h920 |
||
| 999 |
_c80781 _d80781 |
||